| 000 | 00699nac a22001931u 4500 | ||
|---|---|---|---|
| 020 | _a0070593714 | ||
| 082 |
_a005.1 _bJ418 |
||
| 090 |
_c760 _d760 |
||
| 100 | _aJawadekar, W.S. | ||
| 245 |
_aSoftware engineering : _bPrinciples and practice / _cW.S. Jawadekar |
||
| 260 |
_aNew Delhi : _bTata McGraw-Hill, _cc2004. |
||
| 300 |
_a844 p. : _bill. ; _c24 cm. |
||
| 440 | _aComputer engineering series | ||
| 500 | _aIncludes index. | ||
| 650 | _aSoftware engineering. | ||
| 650 | _aComputer programming. | ||
| 942 |
_cBB _k005.1J418 |
||
| 999 |
_c760 _d760 |
||